[Event "ALG Cup"]
[Site "Bejaia"]
[Date "2020.02.29"]
[Round "5"]
[White "Idjeri, Yanis"]
[Black "Salhi, Nouressadat"]
[Result "0-1"]
[WhiteElo "1956"]
[BlackElo "1969"]
[PlyCount "88"]
[EventDate "2020.02.27"]
[EventType "swiss"]
[EventRounds "7"]
[EventCountry "ALG"]
[SourceTitle "CBM 195 Extra"]
[Source "ChessBase"]
[SourceDate "2020.05.31"]
[SourceVersion "1"]
[SourceVersionDate "2020.05.31"]
[SourceQuality "1"]

1. e4 c5 2. Nf3 Nc6 3. d4 cxd4 4. Nxd4 Nf6 5. Nc3 e5 6. Ndb5 d6 7. Bg5 a6 8. Na3 b5 9. Nd5 Qa5+ 10. Bd2 Qd8 11. Bg5 Qa5+ 12. Bd2 Qd8 13. Nxf6+ Qxf6 14. c4 Qg6 15. f3 Be7 16. Kf2 b4 17. Nc2 Rb8 18. b3 f5 19. Bd3 0-0 20. exf5 Bxf5 21. Bxf5 Rxf5 22. Rf1 e4 23. f4 d5 24. cxd5 Rxd5 25. Qe2 Rbd8 26. Be3 Bc5 27. Rad1 Bxe3+ 28. Nxe3 Rd3 29. Rxd3 exd3 30. Qg4 Qf6 31. Rd1 d2 32. Qf5 Qh4+ 33. g3 Qxh2+ 34. Ng2 Qh6 35. Qc2 Qd6 36. Qc4+ Kh8 37. Ne3 h6 38. Nf5 Qf6 39. Nh4 Ne5 40. Qc2 Nd3+ 41. Kg1 Qd4+ 42. Kh2 Qf2+ 43. Kh3 Ne1 44. Ng6+ Kh7 0-1

[Event "ALG-ch"]
[Site "Ain Tagoura"]
[Date "2020.02.05"]
[Round "3"]
[White "Achour, Mohamed Anis"]
[Black "Salhi, Nouressadat"]
[Result "1/2-1/2"]
[WhiteElo "1951"]
[BlackElo "1969"]
[PlyCount "57"]
[EventDate "2020.02.04"]
[EventType "swiss"]
[EventRounds "9"]
[EventCountry "ALG"]
[SourceTitle "CBM 194 Extra"]
[Source "ChessBase"]
[SourceDate "2020.03.31"]
[SourceVersion "1"]
[SourceVersionDate "2020.03.31"]
[SourceQuality "1"]

1. d4 Nf6 2. Bf4 c5 3. e3 Qb6 4. Na3 d5 5. Nb5 Na6 6. dxc5 Qxc5 7. c3 Bd7 8. a4 g6 9. Be5 Bg7 10. Bd4 Qc8 11. Nxa7 Qb8 12. Nb5 e5 13. Bb6 0-0 14. Nf3 Bc6 15. Be2 Nd7 16. Ba5 b6 17. Bb4 Nxb4 18. cxb4 d4 19. exd4 e4 20. Ng5 h6 21. Nh3 Nf6 22. 0-0 Bd7 23. Qb3 g5 24. Kh1 g4 25. Ng1 Nh5 26. Qd5 Nf6 27. Qb3 Nh5 28. Qd5 Nf6 29. Qb3 1/2-1/2

[Event "Oran zt 4.1"]
[Site "Oran"]
[Date "2019.04.30"]
[Round "8"]
[White "Zaibi, Amir"]
[Black "Salhi, Nouressadat"]
[Result "1-0"]
[WhiteElo "2395"]
[BlackElo "1951"]
[PlyCount "69"]
[EventDate "2019.04.25"]
[EventType "tourn"]
[EventRounds "9"]
[EventCountry "ALG"]
[SourceTitle "CBM 190 Extra"]
[Source "ChessBase"]
[SourceDate "2019.07.15"]
[SourceVersion "1"]
[SourceVersionDate "2019.07.15"]
[SourceQuality "1"]

1. e4 c5 2. Nf3 Nc6 3. Bb5 e6 4. 0-0 Nge7 5. Re1 a6 6. Bf1 d5 7. exd5 Nxd5 8. d4 Nf6 9. c3 cxd4 10. cxd4 Be7 11. Nc3 0-0 12. a3 b5 13. Bg5 Bb7 14. Qd3 Nd5 15. Bxe7 Ncxe7 16. Ne4 Nf5 17. Rad1 Rc8 18. Ne5 Ba8 19. Qd2 Nh4 20. Nc5 Qe7 21. Nxa6 f6 22. Nd3 f5 23. Nac5 Rc6 24. Ne5 Rxc5 25. dxc5 f4 26. c6 Rf5 27. Qa5 Rf8 28. Qxb5 h6 29. Rxd5 exd5 30. Qxd5+ Kh8 31. Ng6+ Nxg6 32. Rxe7 Nxe7 33. Qd6 Re8 34. c7 Nc8 35. Qd7 1-0

[Event "Oran zt 4.1"]
[Site "Oran"]
[Date "2019.04.29"]
[Round "6"]
[White "Salhi, Nouressadat"]
[Black "Fellah, Mohamed Amine"]
[Result "1/2-1/2"]
[WhiteElo "1951"]
[BlackElo "2088"]
[PlyCount "42"]
[EventDate "2019.04.25"]
[EventType "tourn"]
[EventRounds "9"]
[EventCountry "ALG"]
[SourceTitle "CBM 190 Extra"]
[Source "ChessBase"]
[SourceDate "2019.07.15"]
[SourceVersion "1"]
[SourceVersionDate "2019.07.15"]
[SourceQuality "1"]

1. e4 c5 2. Nf3 e6 3. d4 cxd4 4. Nxd4 a6 5. Bd3 Nf6 6. 0-0 Qc7 7. Re1 Nc6 8. Nxc6 dxc6 9. e5 Nd7 10. f4 b5 11. Nc3 Bb7 12. Ne4 a5 13. c4 bxc4 14. Bxc4 Nb6 15. Bb3 Be7 16. Bc2 Nd5 17. Qg4 Kf8 18. Bd2 h5 19. Qh3 c5 20. Kh1 Nb4 21. Bxb4 cxb4 1/2-1/2

[Event "Africa-ch"]
[Site "Oran"]
[Date "2017.07.02"]
[Round "1"]
[White "Douissa, Oussama"]
[Black "Salhi, Nouressadat"]
[Result "1-0"]
[WhiteElo "2270"]
[BlackElo "2034"]
[PlyCount "59"]
[EventDate "2017.07.02"]
[EventType "swiss"]
[EventRounds "9"]
[EventCountry "ALG"]
[SourceTitle "CBM 179 Extra"]
[Source "ChessBase"]
[SourceDate "2017.08.23"]
[SourceVersion "1"]
[SourceVersionDate "2017.08.23"]
[SourceQuality "1"]

1. d4 Nf6 2. c4 c5 3. d5 b5 4. cxb5 a6 5. bxa6 Bxa6 6. Nc3 g6 7. f4 d6 8. Nf3 Bg7 9. e4 Bxf1 10. Rxf1 Ra6 11. e5 dxe5 12. fxe5 Ng4 13. Bf4 Qb6 14. Qe2 Nd7 15. h3 Bh6 16. Bxh6 Nxh6 17. g4 0-0 18. 0-0-0 Rb8 19. Rd2 Qa7 20. Qe3 Rxa2 21. Nxa2 Qxa2 22. Kd1 Rb3 23. Qf4 Qa6 24. Rff2 Qa1+ 25. Ke2 Qa6+ 26. Ke1 Qa1+ 27. Rd1 Qa5+ 28. Kf1 Qb5+ 29. Kg1 Kg7 30. e6 1-0

[Event "Algiers zt 4.1"]
[Site "Algiers"]
[Date "2017.05.16"]
[Round "7"]
[White "Salhi, Nouressadat"]
[Black "Arab, Adlane"]
[Result "0-1"]
[WhiteElo "1993"]
[BlackElo "2487"]
[PlyCount "48"]
[EventDate "2017.05.12"]
[EventType "swiss"]
[EventRounds "9"]
[EventCountry "ALG"]
[SourceTitle "CBM 178 Extra"]
[Source "ChessBase"]
[SourceDate "2017.06.22"]
[SourceVersion "1"]
[SourceVersionDate "2017.06.22"]
[SourceQuality "1"]

1. e4 c5 2. Nf3 d6 3. d4 cxd4 4. Nxd4 Nf6 5. Nc3 a6 6. Bc4 e6 7. Bb3 b5 8. Bg5 Be7 9. Qd3 0-0 10. a3 Bd7 11. Rd1 Nc6 12. Nxc6 Bxc6 13. 0-0 Rc8 14. Rfe1 Qb6 15. Bf4 Rfd8 16. Nd5 Bxd5 17. exd5 e5 18. c3 Re8 19. Qh3 exf4 20. Rxe7 Rxe7 21. Qxc8+ Re8 22. Qc6 Qd8 23. Kf1 Ne4 24. Rd4 Nc5 0-1

[Event "ALG-ch"]
[Site "Algiers"]
[Date "2016.01.17"]
[Round "2"]
[White "Seddaoui, Yamine"]
[Black "Salhi, Nouressadat"]
[Result "0-1"]
[WhiteElo "2185"]
[BlackElo "1934"]
[PlyCount "75"]
[EventDate "2016.01.16"]
[EventType "swiss"]
[EventRounds "9"]
[EventCountry "ALG"]
[SourceTitle "CBM 170 Extra"]
[Source "ChessBase"]
[SourceDate "2016.02.25"]
[SourceVersion "1"]
[SourceVersionDate "2016.02.25"]
[SourceQuality "1"]

1. e4 c5 2. Nf3 Nc6 3. c4 e5 4. Be2 d6 5. Nc3 Nf6 6. d3 Be7 7. 0-0 0-0 8. a3 a5 9. Ne1 Nd4 10. f4 exf4 11. Bxf4 Be6 12. Nf3 Nxf3+ 13. Bxf3 Nd7 14. Bg4 Bf6 15. Bxd6 Bd4+ 16. Kh1 Nf6 17. Bxe6 Qxd6 18. Bd5 Be5 19. g3 Qb8 20. Rf5 Ra6 21. Rb1 g6 22. Rf1 Qc8 23. Qe2 Qh3 24. Qg2 Qh6 25. Rf3 Ng4 26. Rbf1 Kh8 27. Qe2 Bxc3 28. bxc3 Ne5 29. R3f2 Qh3 30. d4 Ng4 31. Rf4 h5 32. e5 Rb6 33. Bf3 Nxh2 34. Bg2 Nxf1+ 35. Bxh3 Nxg3+ 36. Kg2 Nxe2 37. Rf2 Nxc3 38. Rf3 0-1

[Event "Algiers Ameyar Memorial 13th"]
[Site "Algiers"]
[Date "2015.06.15"]
[Round "9"]
[White "Salhi, Nouressadat"]
[Black "Saim, Mohamed Ilias"]
[Result "0-1"]
[WhiteElo "1952"]
[BlackElo "2144"]
[PlyCount "76"]
[EventDate "2015.06.09"]
[EventType "swiss"]
[EventRounds "9"]
[EventCountry "ALG"]
[SourceTitle "CBM 167 Extra"]
[Source "ChessBase"]
[SourceDate "2015.09.14"]
[SourceVersion "1"]
[SourceVersionDate "2015.09.14"]
[SourceQuality "1"]

1. e4 d6 2. d4 Nf6 3. Nc3 e5 4. dxe5 dxe5 5. Qxd8+ Kxd8 6. Nf3 Bd6 7. Ng5 Ke7 8. Bc4 Rf8 9. f4 Nc6 10. Nd5+ Nxd5 11. exd5 Nd4 12. Bd3 h6 13. fxe5 Bxe5 14. Ne4 f5 15. Nf2 f4 16. Bd2 f3 17. g3 Bf5 18. 0-0-0 Rae8 19. c3 Ne2+ 20. Bxe2 fxe2 21. Rde1 Kd7 22. Rxe2 Bxc3 23. Rhe1 Rxe2 24. Rxe2 Bd4 25. Nd1 Bd3 26. Re1 Rf5 27. Bc3 Rxd5 28. Bxd4 Rxd4 29. Nc3 Bg6 30. Rd1 Rxd1+ 31. Kxd1 a6 32. b4 Kd6 33. Kd2 c5 34. a3 cxb4 35. axb4 Ke5 36. Na4 Kd4 37. Nc5 Kc4 38. Nxb7 Kxb4 0-1

[Event "Algiers op 3rd"]
[Site "Algiers"]
[Date "2015.02.23"]
[Round "3"]
[White "Salhi, Nouressadat"]
[Black "Barsov, Alexei"]
[Result "0-1"]
[WhiteElo "1964"]
[BlackElo "2455"]
[PlyCount "39"]
[EventDate "2015.02.22"]
[EventType "swiss"]
[EventRounds "9"]
[EventCountry "ALG"]
[SourceTitle "CBM 165 Extra"]
[Source "ChessBase"]
[SourceDate "2015.04.21"]
[SourceVersion "1"]
[SourceVersionDate "2015.04.21"]
[SourceQuality "1"]

1. e4 e6 2. d4 d5 3. Nd2 c5 4. exd5 Qxd5 5. dxc5 Bxc5 6. Qg4 Nf6 7. Qxg7 Qe5+ 8. Kd1 Rg8 9. Ngf3 Qf4 10. g3 Qxf3+ 11. Nxf3 Rxg7 12. b4 Bxb4 13. Bb2 Ke7 14. Rb1 Nc6 15. Bd3 Rg8 16. Bxf6+ Kxf6 17. Bxh7 Rd8+ 18. Ke2 b6 19. Bd3 Bc3 20. Be4 0-1

[Event "Zeralda Ameyar Memorial 12th"]
[Site "Zeralda"]
[Date "2014.06.21"]
[Round "3"]
[White "Ameir, Moheb"]
[Black "Salhi, Nouressadat"]
[Result "1-0"]
[WhiteElo "2294"]
[BlackElo "1958"]
[PlyCount "69"]
[EventDate "2014.06.20"]
[EventType "swiss"]
[EventRounds "9"]
[EventCountry "ALG"]
[SourceTitle "CBM 161 Extra"]
[Source "ChessBase"]
[SourceDate "2014.08.29"]
[SourceVersion "1"]
[SourceVersionDate "2014.08.29"]
[SourceQuality "1"]

1. e4 c5 2. Nf3 a6 3. c3 Nc6 4. d4 d5 5. exd5 Qxd5 6. dxc5 Qxc5 7. Be3 Qd6 8. Nbd2 Qc7 9. Nc4 Bg4 10. Bb6 Qd7 11. Bd3 Nf6 12. h3 Qe6+ 13. Ne3 Bxf3 14. Qxf3 Ne5 15. Qxb7 Nxd3+ 16. Ke2 Qe4 17. Qxe4 Nxe4 18. Nd5 Nxb2 19. Nc7+ Kd7 20. Nxa8 Kc6 21. Be3 e5 22. Kf3 f5 23. Rab1 Ba3 24. Nb6 Rb8 25. Nc4 Nxc4 26. Rxb8 Nxc3 27. Rc8+ Kd5 28. g3 a5 29. Bc1 e4+ 30. Kg2 Bc5 31. Bf4 a4 32. Rd8+ Kc6 33. Rc1 Bb4 34. a3 Ba5 35. Ra8 1-0

[Event "Zeralda Ameyar Memorial 12th"]
[Site "Zeralda"]
[Date "2014.06.20"]
[Round "1"]
[White "Malakhatko, Vadim"]
[Black "Salhi, Nouressadat"]
[Result "1-0"]
[WhiteElo "2552"]
[BlackElo "1958"]
[PlyCount "75"]
[EventDate "2014.06.20"]
[EventType "swiss"]
[EventRounds "9"]
[EventCountry "ALG"]
[SourceTitle "CBM 161 Extra"]
[Source "ChessBase"]
[SourceDate "2014.08.29"]
[SourceVersion "1"]
[SourceVersionDate "2014.08.29"]
[SourceQuality "1"]

1. d4 Nf6 2. c4 c5 3. d5 b5 4. cxb5 a6 5. bxa6 Bxa6 6. Nc3 d6 7. g3 g6 8. Bg2 Bg7 9. Nf3 Nbd7 10. Rb1 0-0 11. 0-0 Qb6 12. h3 Rfb8 13. b3 Ne8 14. Bb2 Qa5 15. Qc2 c4 16. Na4 cxb3 17. axb3 Rc8 18. Qd1 Ne5 19. Nd4 Bb5 20. Nc3 Nc7 21. Ncxb5 Nxb5 22. Nc6 Nxc6 23. dxc6 Bxb2 24. Rxb2 e6 25. Qd3 d5 26. Rc1 Qb4 27. e4 d4 28. e5 Nc3 29. Kh2 Qa3 30. Rcc2 Qb4 31. Rd2 Ra5 32. Qxd4 Qxd4 33. Rxd4 Rxe5 34. Rd7 Rb5 35. Rc2 Rc5 36. b4 Rc4 37. Rd3 Rxb4 38. Rcxc3 1-0

[Event "ALG-ch sf"]
[Site "Sidi Bel Abbes"]
[Date "2013.03.31"]
[Round "9"]
[White "Nacer, Mohamed Arezki"]
[Black "Salhi, Nouressadat"]
[Result "1-0"]
[WhiteElo "1793"]
[BlackElo "1988"]
[PlyCount "51"]
[EventDate "2013.03.27"]
[EventType "swiss"]
[EventRounds "9"]
[EventCountry "ALG"]
[SourceTitle "CBM 153 Extra"]
[Source "ChessBase"]
[SourceDate "2013.04.22"]
[SourceVersion "1"]
[SourceVersionDate "2013.04.22"]
[SourceQuality "1"]

1. e4 c5 2. Nf3 Nc6 3. c3 f5 4. e5 Qa5 5. Be2 c4 6. Bxc4 Nxe5 7. Nxe5 Qxe5+ 8. Qe2 Qxe2+ 9. Kxe2 Nf6 10. d4 a6 11. Bd3 g6 12. Re1 b5 13. Bg5 Bg7 14. Kf1 Bb7 15. f3 Bd5 16. Nd2 e6 17. Bf4 0-0 18. Be5 Rfc8 19. Rec1 Rc6 20. b3 Rb8 21. c4 Bh6 22. Bxf6 bxc4 23. bxc4 Bxc4 24. Rxc4 Bxd2 25. Rxc6 dxc6 26. Ke2 1-0

[Event "ALG-ch sf"]
[Site "Sidi Bel Abbes"]
[Date "2013.03.30"]
[Round "7"]
[White "Ghanou, Tarek"]
[Black "Salhi, Nouressadat"]
[Result "0-1"]
[WhiteElo "1757"]
[BlackElo "1988"]
[PlyCount "69"]
[EventDate "2013.03.27"]
[EventType "swiss"]
[EventRounds "9"]
[EventCountry "ALG"]
[SourceTitle "CBM 153 Extra"]
[Source "ChessBase"]
[SourceDate "2013.04.22"]
[SourceVersion "1"]
[SourceVersionDate "2013.04.22"]
[SourceQuality "1"]

1. e4 c5 2. Nf3 Nc6 3. d4 cxd4 4. Nxd4 Nf6 5. Nc3 e5 6. Nf3 Bb4 7. Bd3 d5 8. exd5 Qxd5 9. 0-0 Bxc3 10. bxc3 Bg4 11. Be2 Qxd1 12. Rxd1 e4 13. Nd4 Nxd4 14. Bxg4 Nxc2 15. Rb1 Nxg4 16. Rb2 e3 17. fxe3 Rd8 18. Rxd8+ Kxd8 19. Rxc2 Re8 20. Re2 Kc7 21. h3 Ne5 22. Kf1 Kc6 23. Ke1 Kc5 24. Kd2 Kc4 25. Rf2 g5 26. Rf5 h6 27. Ba3 Kd5 28. Ke2 Re6 29. Bf8 Ke4 30. Rf2 Rb6 31. Bb4 f5 32. Rf1 a5 33. Ba3 f4 34. Rd1 Kf5 35. e4+ 0-1